000 00520nam a22002057a 4500
005 20260223120526.0
008 260223b |||||||| |||| 00| 0 eng d
020 _a9788195782949
_cRs. 1140.00
040 _aMAIN
082 _a516.36
_bA46T
245 _aTranslation Surfaces
260 _aNew Delhi
_bHindustan Book Agency
_c2024
300 _axi, 179
650 _aGeometry
650 _aSurfaces
650 _aDifferential Geometry
700 _aAthreya, Jayadev S
700 _aMasur, Howard
942 _cBK
999 _c397086
_d397086